Wszystkie linie tramwajowe w Warszawie - Statystyki

Ogólne statystyki
  • Ten quiz został rozwiązany 37 razy
    13 od ostatniego zresetowania
  • Średni wynik to 22 z 26
Statystyki odpowiedzi
Podpowiedź Odpowiedź % Poprawnych
Linia 1
100%
Linia 11
100%
Linia 14
100%
Linia 16
100%
Linia 2
100%
Linia 3
100%
Linia 4
100%
Linia 10
90%
Linia 13
90%
Linia 17
90%
Linia 18
90%
Linia 20
90%
Linia 22
90%
Linia 24
90%
Linia 26
90%
Linia 27
90%
Linia 28
90%
Linia 31
90%
Linia 33
90%
Linia 6
90%
Linia 7
90%
Linia 9
90%
Linia 77
50%
Linia 71
40%
Linia 75
30%
Linia 76
30%
Nie znaleziono quizów pasujących do podanych kryteriów
Rozkład punktacji
Procent ludzi z każdym wynikiem
Percentyl według liczby udzielonych odpowiedzi
Twoja historia wyników
Nie rozwiązałeś tego quizu od ostatniego zresetowania